| 000 | 00564nam a2200181Ia 4500 | ||
|---|---|---|---|
| 999 |
_c8088 _d8088 |
||
| 003 | OSt | ||
| 005 | 20191228105300.0 | ||
| 008 | 190216s9999||||xx |||||||||||||| ||und|| | ||
| 020 | _a9788184840773 | ||
| 040 | _coclc | ||
| 082 |
_a332.710954133 _bMOH/A |
||
| 100 |
_aMohanty, Bijaya Kumar _9834 |
||
| 245 | 0 |
_aAgricultural Financing And Rural Development / _cBijaya Kumar Mohanty |
|
| 260 |
_bRegal Publications, _c2010. _aNew Delhi: |
||
| 300 | _a364p | ||
| 650 | _aCommerce | ||
| 942 |
_cBK _2ddc _h332.710954133 _iMOH/A _k332.710954133 _mMOH/A |
||